| 000 | 00535nam a2200193Ia 4500 | ||
|---|---|---|---|
| 008 | 220216s9999 xx 000 0 und d | ||
| 100 |
_a _AKrishnakumar A.K. |
||
| 245 | 0 | _aMoisture retention characteristics of soils under Hevea in India | |
| 260 |
_bIndian Journal of Natural Rubber Research _c1990 |
||
| 300 | _a21-Sep | ||
| 650 | _aAlfisol | ||
| 650 | _aMoisture retention | ||
| 650 | _aSoil analysis | ||
| 650 | _aUltisol | ||
| 650 | _aWater storage capacity | ||
| 700 | _aDatta B. | ||
| 700 | _aPotty S.N. | ||
| 942 | _cBS | ||
| 999 |
_c48498 _d48498 |
||